Poľnohospodársky ekonomický účet (za rok 2000)

Uložené v:
Podrobná bibliografia
Médium: Kniha
Jazyk:Slovak
English
Vydavateľské údaje: Bratislava Štatistický úrad Slovenskej republiky 2001
Edícia:Pôdohospodárstvo a životné prostredie
Predmet:
Tagy: Pridať tag
Žiadne tagy, Buďte prvý, kto otaguje tento záznam!

MARC

LEADER 00000nam a2200000 4500
001 c131212
005 20260122154113.6
041 0 |a slo 
041 0 |a eng 
044 |a SK 
245 1 0 |a Poľnohospodársky ekonomický účet (za rok 2000) 
264 1 |a Bratislava  |b Štatistický úrad Slovenskej republiky  |c 2001 
300 |a 47 s. 
490 1 |a Pôdohospodárstvo a životné prostredie 
830 0 |a Pôdohospodárstvo a životné prostredie 
610 2 0 |a poľnohospodárstvo 
610 2 0 |a lesníctvo 
610 2 0 |a výsledok hospodársky 
610 2 0 |a Slovensko